| LEADER |
01143nam0a2200193 450 |
| 001 |
16848431 |
| 010 |
|
|
|a 978-2-07-312327-5
|b br.
|d 21
|
| 100 |
|
|
|a 20260109d2026 u u0frey01 ba
|
| 101 |
0 |
|
|a fre
|
| 102 |
|
|
|a FR
|
| 200 |
0 |
|
|a Désertion
|e roman
|f François Bégaudeau
|
| 207 |
|
1 |
|a
|
| 210 |
|
|
|a [Paris]
|c Verticales
|d 2026
|
| 215 |
|
|
|a 1 vol. (256 p.)
|d 21 cm
|
| 330 |
|
|
|a Comment Steve passe-t-il d une petite ville côtière de France à Raqqa, au cSur de la boucherie syrienne ? On ne sait pas bien. Comme on ne sait pas, on raconte. On se lance dans une sorte d enquête amicale trois décennies durant. Sur la frise de sa vie, on détermine un moment zéro. Les déconvenues scolaires. Les harcèlements divers. L envie non consommée de plastiquer le collège. L envie de faire le bien. Et à chacun de ces moments, il y a Mickaël, le petit frère. Ce qui concerne Mickaël concerne Steve, son presque jumeau, et tout est dans le presque.
|
| 700 |
|
0 |
|a Bégaudeau
|b François
|f 1971-....
|4 70
|
| 900 |
|
|
|a Roman
|
| 901 |
|
|
|a Accessible au prêt
|
| 995 |
|
|
|a Bibliothèque
|c Bibliothèque
|f 024026262
|h 024026262
|k R BEG
|o c
|q a
|r az
|e Bibliothèque
|